Empresarios y bachilleres (Registro nro. 189027)

Detalles MARC
000 -LEADER
campo de control de longitud fija 01166nam a2200301 i 4500
001 - NÚMERO DE CONTROL
campo de control 189027
003 - IDENTIFICADOR DE NÚMERO DE CONTROL
campo de control SpMaBN
005 - FECHA Y HORA DE LA ÚLTIMA TRANSACCIÓN
campo de control 20251114150243.0
008 - DATOS DE LONGITUD FIJA--INFORMACIÓN GENERAL
campo de control de longitud fija 190321s2017 sp a |||| | spa d
020 ## - NÚMERO INTERNACIONAL ESTÁNDAR DEL LIBRO
Número Internacional Estándar del Libro 978-84-697-2651-8
080 ## - NÚMERO DE LA CLASIFICACIÓN DECIMAL UNIVERSAL
Número de la Clasificación Decimal Universal 658.1:37(460)
080 ## - NÚMERO DE LA CLASIFICACIÓN DECIMAL UNIVERSAL
Número de la Clasificación Decimal Universal 37.091.64(460)"19"
100 1# - ENTRADA PRINCIPAL--NOMBRE DE PERSONA
Nombre de persona García Delgado, José Luis.
9 (RLIN) 54528
245 10 - MENCIÓN DEL TÍTULO
Título Empresarios y bachilleres
Resto del título : la imagen del empresario en los libros de texto /
Mención de responsabilidad, etc. José Luis García Delgado, Juan Carlos Jiménez, Manuel Martín Rodríguez.
260 ## - PUBLICACIÓN, DISTRIBUCIÓN, ETC.
Lugar de publicación, distribución, etc. [Madrid] :
Nombre del editor, distribuidor, etc. Círculo de Empresarios,
Fecha de publicación, distribución, etc. 2017.
300 ## - DESCRIPCIÓN FÍSICA
Extensión 142 p. :
Otras características físicas il. ;
Dimensiones 24 cm.
504 ## - NOTA DE BIBLIOGRAFÍA, ETC.
Nota de bibliografía, etc. Bibliografía: p. 139-142.
596 ## - NOTA AL PIE DE IMPRENTA
NOTA AL PIE DE IMPRENTA En port.: "40 aniversario Círculo de Empresarios"
650 07 - PUNTO DE ACCESO ADICIONAL DE MATERIA--TÉRMINO DE MATERIA
Término de materia o nombre geográfico como elemento de entrada Economía-
Subdivisión general Enseñanza-
Subdivisión geográfica España.
9 (RLIN) 162871
650 ## - PUNTO DE ACCESO ADICIONAL DE MATERIA--TÉRMINO DE MATERIA
Término de materia o nombre geográfico como elemento de entrada Libros de texto-
Subdivisión geográfica España.
9 (RLIN) 162872
700 1# - ENTRADA AGREGADA--NOMBRE PERSONAL
Nombre de persona Jiménez, Juan Carlos,
Fechas asociadas al nombre 1959-
9 (RLIN) 157016
700 1# - ENTRADA AGREGADA--NOMBRE PERSONAL
Nombre de persona Martín Rodríguez, Manuel.
9 (RLIN) 77634
710 2# - ENTRADA AGREGADA--NOMBRE DE ENTIDAD CORPORATIVA
Nombre de entidad corporativa o nombre de jurisdicción como elemento de entrada Círculo de Empresarios.
9 (RLIN) 2821
852 ## - LOCALIZACIÓN
Ubicación ES-MaACL
Número de control de estantería A-14417
itemnumber 196163
Sublocalización o colección R.151833
Ubicación en estantería Depósito 1
Signatura antigua Olim: N-7417
942 ## - ELEMENTOS DE ENTRADA SECUNDARIOS (KOHA)
Fuente del sistema de clasificación o colocación Clasificación decimal universal
Tipo de ítem Koha Libro impreso
Existencias
Estatus retirado Estado de pérdida Fuente del sistema de clasificación o colocación Estado de daño No para préstamo Biblioteca de origen Biblioteca actual Ubicación en estantería Fecha de adquisición Fuente de adquisición Total de préstamos Signatura topográfica completa Código de barras Visto por última vez Precio de reemplazo Tipo de ítem Koha
    Clasificación decimal universal     Biblioteca del Ateneo de Madrid Biblioteca del Ateneo de Madrid Depósito 1 21/03/2019 Donación   A-14417 1200195 23/02/2023 23/02/2023 Libro impreso